Europe Quiz - Statistics

General Stats
  • This quiz has been taken 24 times
  • The average score is 38 of 43
Answer Stats
Hint Answer % Correct
A Albania
100%
G Germany
100%
A Austria
96%
D Denmark
96%
F France
96%
I Ireland
96%
L Liechtenstein
96%
L Lithuania
96%
N Norway
96%
P Portugal
96%
R Romania
96%
B Belgium
92%
H Hungary
92%
I Italy
92%
N Netherlands
92%
P Poland
92%
R Russia
92%
S Spain
92%
S Sweden
92%
S Switzerland
92%
U United Kingdom
92%
V Vatican City
92%
A Andorra
88%
B Bosnia and Herzegovina
88%
B Bulgaria
88%
C Croatia
88%
E Estonia
88%
G Greece
88%
I Iceland
88%
L Latvia
88%
L Luxembourg
88%
U Ukraine
88%
M Monaco
83%
M Montenegro
83%
S Slovenia
83%
B Belarus
79%
C Czech republic
79%
M Moldova
79%
S Slovakia
79%
K Kosovo
75%
N North Macedonia
75%
S San Marino
75%
M Malta
67%
No matching quizzes found
Score Distribution
Percent of People with Each Score
Percentile by Number Answered
Your Score History
You have not taken this quiz